LDR 00893naa#a2200205#i#450# 001 EN\\bibl\120467 005 20260512074726.2 011 ## _a2782-5957 100 ## _a20260430b2026####ek#y0engy0150####ca 102 ## _aRU 200 1# _aWEAR MODELING OF CARBIDE TIP OF THE ROAD HARROW CUTTER _eJournal article 210 1# _aBryansk _cBryansk State Technical University _d2026 215 ## _a6 с. 608 ## _aJournal article _2local 675 ## _aИспытания на износ. 620.178.16 _aМашины и оборудование для дорожного строительства. Отделочные работы. Реконструкция дорог. 625.08 _z 686 ## _aОбщее машиностроение. Машиноведение. 344 _2bbk 700 #1 _aShalygin _gMikhail G. 700 #1 _aRamazanov _gGadji Hirasukhmaevich 700 #1 _aVashchishina _gAnna Pavlovna 856 4# _abstu.editorum.ru _u